| 000 | 01309nam0a22002531 4500 | ||
|---|---|---|---|
| 001 | rc\4500966 | ||
| 005 | 20260406134136.0 | ||
| 035 | _a(NLR Aleph) 008343012 | ||
| 090 |
_a8889053 _c8889053 |
||
| 100 | _a20130416a19599999|||y0rusy50 ca | ||
| 101 | 0 | _arus | |
| 102 | _aRU | ||
| 105 | _ay z ||||| | ||
| 200 | 1 |
_aСборник научных трудов _fКаз. НИИ лес. хоз-ва и агролесомелиорации |
|
| 210 |
_aАлма-Ата _cКайнар _d1959- |
||
| 300 | _aВ надзаг. также: М-во лес. хоз. Каз. ССР | ||
| 300 | _aОбразовалось в результате разделения изд.: "Труды Института водного и лесного хозяйства" (Шифр: П14/466) и продолжает его нумерацию | ||
| 710 | 0 | 2 |
_aКазахский НИИ лесного хозяйства и агролесомелиорации _cЩучинск _3RU\NLR\AUTH\889917200 _9330572 |
| 801 | 0 |
_aRU _bNLR _gpsbo |
|
| 801 | 1 |
_aRU _bELAR _2rusmarc |
|
| 830 | _aПеречень имеющихся в библиотеке томов, номеров, годов этого издания смотри в каталоге периодических изданий | ||
| 852 |
_aNLR _jП14/674 |
||
| 942 | _cBOOK | ||
| 980 | _aNB | ||